Statistics for What Day of the Week was it?

Click here to take the quiz!

General Stats

  • This quiz has been taken 8 times
  • The average score is 15 of 20

Answer Stats

MonthDayYearDay of the Week% Correct
February72020Friday
100%
September262022Monday
100%
July202020Monday
100%
October232021Saturday
100%
July32021Saturday
100%
February202021Saturday
100%
June252022Saturday
100%
June62020Saturday
100%
April182020Saturday
100%
August132022Saturday
100%
December252021Saturday
100%
November62021Saturday
100%
August282021Saturday
100%
October292020Thursday
100%
May142020Thursday
100%
November92021Tuesday
100%
May172022Tuesday
100%
May122020Tuesday
100%
November242021Wednesday
100%
January82020Wednesday
100%
November222022Tuesday
50%
January142022Friday
0%
February182022Friday
0%
February122021Friday
0%
February112022Friday
0%
July242020Friday
0%
February262021Friday
0%
July312020Friday
0%
January282022Friday
0%
January212022Friday
0%
August72020Friday
0%
January222021Friday
0%
January72022Friday
0%
August142020Friday
0%
July172020Friday
0%
March192021Friday
0%
August212020Friday
0%
December242021Friday
0%
December172021Friday
0%
August282020Friday
0%
December102021Friday
0%
December32021Friday
0%
September42020Friday
0%
December312021Friday
0%
July102020Friday
0%
February252022Friday
0%
April292022Friday
0%
May152020Friday
0%
June32022Friday
0%
May272022Friday
0%
May222020Friday
0%
May202022Friday
0%
May292020Friday
0%
February192021Friday
0%
May132022Friday
0%
May62022Friday
0%
June52020Friday
0%
March52021Friday
0%
June122020Friday
0%
March42022Friday
0%
April222022Friday
0%
April152022Friday
0%
June192020Friday
0%
April82022Friday
0%
March122021Friday
0%
April12022Friday
0%
June262020Friday
0%
March252022Friday
0%
March182022Friday
0%
July32020Friday
0%
March112022Friday
0%
November262021Friday
0%
November122021Friday
0%
September112020Friday
0%
June182021Friday
0%
November202020Friday
0%
July302021Friday
0%
July232021Friday
0%
November272020Friday
0%
April92021Friday
0%
July162021Friday
0%
December42020Friday
0%
July92021Friday
0%
April162021Friday
0%
December112020Friday
0%
June252021Friday
0%
December182020Friday
0%
August132021Friday
0%
June112021Friday
0%
June42021Friday
0%
December252020Friday
0%
May282021Friday
0%
January12021Friday
0%
May212021Friday
0%
May142021Friday
0%
January82021Friday
0%
May72021Friday
0%
April302021Friday
0%
January152021Friday
0%
August62021Friday
0%
November132020Friday
0%
November192021Friday
0%
October82021Friday
0%
April232021Friday
0%
September182020Friday
0%
February52021Friday
0%
November52021Friday
0%
September252020Friday
0%
October292021Friday
0%
October222021Friday
0%
March262021Friday
0%
October22020Friday
0%
October152021Friday
0%
October92020Friday
0%
October12021Friday
0%
August202021Friday
0%
October162020Friday
0%
September242021Friday
0%
September172021Friday
0%
October232020Friday
0%
September102021Friday
0%
April22021Friday
0%
October302020Friday
0%
September32021Friday
0%
January292021Friday
0%
August272021Friday
0%
November62020Friday
0%
July22021Friday
0%
February42022Friday
0%
June102022Friday
0%
January312020Friday
0%
March202020Friday
0%
July82022Friday
0%
October72022Friday
0%
April32020Friday
0%
August262022Friday
0%
January242020Friday
0%
April172020Friday
0%
July152022Friday
0%
November252022Friday
0%
October142022Friday
0%
August192022Friday
0%
March272020Friday
0%
February212020Friday
0%
April242020Friday
0%
July222022Friday
0%
November182022Friday
0%
April102020Friday
0%
October212022Friday
0%
September162022Friday
0%
November112022Friday
0%
July292022Friday
0%
August122022Friday
0%
November42022Friday
0%
February142020Friday
0%
August52022Friday
0%
October282022Friday
0%
December92022Friday
0%
December22022Friday
0%
February282020Friday
0%
December162022Friday
0%
January102020Friday
0%
January172020Friday
0%
May12020Friday
0%
September92022Friday
0%
September232022Friday
0%
March132020Friday
0%
June242022Friday
0%
December232022Friday
0%
June172022Friday
0%
March62020Friday
0%
May82020Friday
0%
January32020Friday
0%
July12022Friday
0%
September302022Friday
0%
December302022Friday
0%
September22022Friday
0%
November22020Monday
0%
August302021Monday
0%
August92021Monday
0%
October242022Monday
0%
September192022Monday
0%
August162021Monday
0%
November12021Monday
0%
August232021Monday
0%
September212020Monday
0%
March92020Monday
0%
November92020Monday
0%
February172020Monday
0%
October252021Monday
0%
October172022Monday
0%
September202021Monday
0%
October42021Monday
0%
October112021Monday
0%
October122020Monday
0%
October32022Monday
0%
September272021Monday
0%
October52020Monday
0%
October192020Monday
0%
October182021Monday
0%
September282020Monday
0%
February242020Monday
0%
March22020Monday
0%
October102022Monday
0%
September132021Monday
0%
June62022Monday
0%
October262020Monday
0%
September62021Monday
0%
November162020Monday
0%
July52021Monday
0%
August22021Monday
0%
January132020Monday
0%
January112021Monday
0%
May32021Monday
0%
December52022Monday
0%
April262021Monday
0%
January182021Monday
0%
April192021Monday
0%
December122022Monday
0%
April122021Monday
0%
January252021Monday
0%
April52021Monday
0%
February12021Monday
0%
May102021Monday
0%
March292021Monday
0%
December192022Monday
0%
March222021Monday
0%
February82021Monday
0%
March152021Monday
0%
January62020Monday
0%
March82021Monday
0%
February152021Monday
0%
December262022Monday
0%
March12021Monday
0%
January202020Monday
0%
January42021Monday
0%
October312022Monday
0%
November142022Monday
0%
February102020Monday
0%
November232020Monday
0%
July262021Monday
0%
July192021Monday
0%
November302020Monday
0%
November72022Monday
0%
July122021Monday
0%
December72020Monday
0%
February32020Monday
0%
June282021Monday
0%
June212021Monday
0%
May172021Monday
0%
December142020Monday
0%
June142021Monday
0%
November212022Monday
0%
December212020Monday
0%
June72021Monday
0%
January272020Monday
0%
May312021Monday
0%
December282020Monday
0%
May242021Monday
0%
November282022Monday
0%
November82021Monday
0%
February222021Monday
0%
September122022Monday
0%
April272020Monday
0%
February142022Monday
0%
June82020Monday
0%
August12022Monday
0%
February72022Monday
0%
July272020Monday
0%
January312022Monday
0%
May22022Monday
0%
August82022Monday
0%
April62020Monday
0%
January242022Monday
0%
August32020Monday
0%
March282022Monday
0%
January172022Monday
0%
May92022Monday
0%
March302020Monday
0%
June272022Monday
0%
August152022Monday
0%
April252022Monday
0%
July42022Monday
0%
January102022Monday
0%
April132020Monday
0%
April42022Monday
0%
June292020Monday
0%
June222020Monday
0%
March212022Monday
0%
July112022Monday
0%
July182022Monday
0%
April202020Monday
0%
March142022Monday
0%
February212022Monday
0%
April112022Monday
0%
July62020Monday
0%
March72022Monday
0%
February282022Monday
0%
July132020Monday
0%
June152020Monday
0%
July252022Monday
0%
April182022Monday
0%
August102020Monday
0%
June12020Monday
0%
June132022Monday
0%
November292021Monday
0%
August292022Monday
0%
September72020Monday
0%
December132021Monday
0%
May42020Monday
0%
May232022Monday
0%
March162020Monday
0%
September52022Monday
0%
November222021Monday
0%
August242020Monday
0%
May302022Monday
0%
August312020Monday
0%
September142020Monday
0%
December202021Monday
0%
March232020Monday
0%
May112020Monday
0%
June202022Monday
0%
August222022Monday
0%
November152021Monday
0%
December272021Monday
0%
May252020Monday
0%
December62021Monday
0%
August172020Monday
0%
May162022Monday
0%
January32022Monday
0%
May182020Monday
0%
December32022Saturday
0%
July92022Saturday
0%
April32021Saturday
0%
April92022Saturday
0%
May152021Saturday
0%
June112022Saturday
0%
June42022Saturday
0%
May222021Saturday
0%
February272021Saturday
0%
May82021Saturday
0%
April232022Saturday
0%
March62021Saturday
0%
April172021Saturday
0%
May142022Saturday
0%
March272021Saturday
0%
April102021Saturday
0%
May72022Saturday
0%
May212022Saturday
0%
March202021Saturday
0%
December102022Saturday
0%
July22022Saturday
0%
April162022Saturday
0%
April302022Saturday
0%
June182022Saturday
0%
April242021Saturday
0%
March132021Saturday
0%
December172022Saturday
0%
December242022Saturday
0%
May12021Saturday
0%
May282022Saturday
0%
November262022Saturday
0%
February262022Saturday
0%
May292021Saturday
0%
August272022Saturday
0%
January152022Saturday
0%
September42021Saturday
0%
October152022Saturday
0%
January82022Saturday
0%
January12022Saturday
0%
September112021Saturday
0%
August202022Saturday
0%
September182021Saturday
0%
October82022Saturday
0%
September252021Saturday
0%
December182021Saturday
0%
October22021Saturday
0%
August212021Saturday
0%
December112021Saturday
0%
October12022Saturday
0%
October92021Saturday
0%
December42021Saturday
0%
October162021Saturday
0%
September32022Saturday
0%
November272021Saturday
0%
October302021Saturday
0%
November202021Saturday
0%
September172022Saturday
0%
November132021Saturday
0%
October222022Saturday
0%
January222022Saturday
0%
March262022Saturday
0%
November122022Saturday
0%
July162022Saturday
0%
June52021Saturday
0%
March192022Saturday
0%
June122021Saturday
0%
November192022Saturday
0%
June192021Saturday
0%
March122022Saturday
0%
March52022Saturday
0%
June262021Saturday
0%
July232022Saturday
0%
September102022Saturday
0%
July102021Saturday
0%
August142021Saturday
0%
February192022Saturday
0%
July302022Saturday
0%
July172021Saturday
0%
November52022Saturday
0%
July242021Saturday
0%
February122022Saturday
0%
July312021Saturday
0%
February52022Saturday
0%
October292022Saturday
0%
August72021Saturday
0%
January292022Saturday
0%
August62022Saturday
0%
September242022Saturday
0%
December312022Saturday
0%
August12020Saturday
0%
September262020Saturday
0%
February292020Saturday
0%
January162021Saturday
0%
September192020Saturday
0%
June202020Saturday
0%
June132020Saturday
0%
January112020Saturday
0%
January232021Saturday
0%
September122020Saturday
0%
August152020Saturday
0%
May302020Saturday
0%
April22022Saturday
0%
December52020Saturday
0%
May232020Saturday
0%
October32020Saturday
0%
December122020Saturday
0%
June272020Saturday
0%
January302021Saturday
0%
December192020Saturday
0%
December262020Saturday
0%
August82020Saturday
0%
August222020Saturday
0%
February152020Saturday
0%
February222020Saturday
0%
January22021Saturday
0%
July252020Saturday
0%
July42020Saturday
0%
November142020Saturday
0%
July182020Saturday
0%
August292020Saturday
0%
September52020Saturday
0%
July112020Saturday
0%
January92021Saturday
0%
March212020Saturday
0%
March72020Saturday
0%
February82020Saturday
0%
January182020Saturday
0%
November72020Saturday
0%
February132021Saturday
0%
October312020Saturday
0%
October102020Saturday
0%
October242020Saturday
0%
March142020Saturday
0%
November212020Saturday
0%
February12020Saturday
0%
April252020Saturday
0%
April42020Saturday
0%
January42020Saturday
0%
January252020Saturday
0%
February62021Saturday
0%
April112020Saturday
0%
May22020Saturday
0%
October172020Saturday
0%
May162020Saturday
0%
May92020Saturday
0%
March282020Saturday
0%
November282020Saturday
0%
December262021Sunday
0%
November12020Sunday
0%
January22022Sunday
0%
November82020Sunday
0%
December52021Sunday
0%
August302020Sunday
0%
August222021Sunday
0%
August162020Sunday
0%
August292021Sunday
0%
December122021Sunday
0%
November202022Sunday
0%
February162020Sunday
0%
December192021Sunday
0%
October232022Sunday
0%
August232020Sunday
0%
October102021Sunday
0%
November282021Sunday
0%
November132022Sunday
0%
October42020Sunday
0%
October172021Sunday
0%
October112020Sunday
0%
October32021Sunday
0%
September262021Sunday
0%
November62022Sunday
0%
October242021Sunday
0%
September272020Sunday
0%
October182020Sunday
0%
October312021Sunday
0%
February92020Sunday
0%
September62020Sunday
0%
November72021Sunday
0%
September202020Sunday
0%
September192021Sunday
0%
February22020Sunday
0%
November142021Sunday
0%
September132020Sunday
0%
September122021Sunday
0%
October252020Sunday
0%
October302022Sunday
0%
September52021Sunday
0%
November212021Sunday
0%
July192020Sunday
0%
January92022Sunday
0%
April262020Sunday
0%
May242020Sunday
0%
May222022Sunday
0%
September182022Sunday
0%
May292022Sunday
0%
May172020Sunday
0%
March82020Sunday
0%
June52022Sunday
0%
May102020Sunday
0%
June122022Sunday
0%
May32020Sunday
0%
June192022Sunday
0%
September112022Sunday
0%
June262022Sunday
0%
July32022Sunday
0%
May312020Sunday
0%
July102022Sunday
0%
April192020Sunday
0%
July172022Sunday
0%
March152020Sunday
0%
April122020Sunday
0%
July242022Sunday
0%
September42022Sunday
0%
July312022Sunday
0%
April52020Sunday
0%
August72022Sunday
0%
March292020Sunday
0%
August142022Sunday
0%
August212022Sunday
0%
August282022Sunday
0%
May152022Sunday
0%
May82022Sunday
0%
August92020Sunday
0%
March62022Sunday
0%
January162022Sunday
0%
January232022Sunday
0%
August22020Sunday
0%
October162022Sunday
0%
January302022Sunday
0%
July262020Sunday
0%
February62022Sunday
0%
February132022Sunday
0%
February202022Sunday
0%
February232020Sunday
0%
October92022Sunday
0%
February272022Sunday
0%
July122020Sunday
0%
July52020Sunday
0%
May12022Sunday
0%
March132022Sunday
0%
March202022Sunday
0%
June282020Sunday
0%
March272022Sunday
0%
October22022Sunday
0%
April32022Sunday
0%
March12020Sunday
0%
June212020Sunday
0%
April102022Sunday
0%
April172022Sunday
0%
June142020Sunday
0%
April242022Sunday
0%
September252022Sunday
0%
June72020Sunday
0%
August152021Sunday
0%
March222020Sunday
0%
November152020Sunday
0%
April42021Sunday
0%
November272022Sunday
0%
February72021Sunday
0%
March212021Sunday
0%
December252022Sunday
0%
April252021Sunday
0%
May162021Sunday
0%
July182021Sunday
0%
November292020Sunday
0%
March282021Sunday
0%
January192020Sunday
0%
June202021Sunday
0%
January312021Sunday
0%
December132020Sunday
0%
January52020Sunday
0%
May92021Sunday
0%
December42022Sunday
0%
January102021Sunday
0%
April112021Sunday
0%
January242021Sunday
0%
July112021Sunday
0%
June272021Sunday
0%
May22021Sunday
0%
April182021Sunday
0%
December182022Sunday
0%
December62020Sunday
0%
July42021Sunday
0%
January122020Sunday
0%
July252021Sunday
0%
January32021Sunday
0%
January172021Sunday
0%
February282021Sunday
0%
June132021Sunday
0%
March72021Sunday
0%
December272020Sunday
0%
December202020Sunday
0%
August12021Sunday
0%
June62021Sunday
0%
November222020Sunday
0%
August82021Sunday
0%
March142021Sunday
0%
February212021Sunday
0%
January262020Sunday
0%
December112022Sunday
0%
May302021Sunday
0%
May232021Sunday
0%
February142021Sunday
0%
March172022Thursday
0%
January132022Thursday
0%
July22020Thursday
0%
December152022Thursday
0%
August132020Thursday
0%
February272020Thursday
0%
March242022Thursday
0%
October202022Thursday
0%
June252020Thursday
0%
January142021Thursday
0%
March312022Thursday
0%
April292021Thursday
0%
October12020Thursday
0%
January62022Thursday
0%
May62021Thursday
0%
February32022Thursday
0%
August62020Thursday
0%
February242022Thursday
0%
May202021Thursday
0%
February202020Thursday
0%
October132022Thursday
0%
February102022Thursday
0%
July232020Thursday
0%
February172022Thursday
0%
July302020Thursday
0%
July162020Thursday
0%
February252021Thursday
0%
March102022Thursday
0%
January272022Thursday
0%
January162020Thursday
0%
May132021Thursday
0%
March32022Thursday
0%
January72021Thursday
0%
May272021Thursday
0%
December312020Thursday
0%
October62022Thursday
0%
January202022Thursday
0%
July92020Thursday
0%
April152021Thursday
0%
April72022Thursday
0%
March112021Thursday
0%
April302020Thursday
0%
March122020Thursday
0%
June302022Thursday
0%
March182021Thursday
0%
April232020Thursday
0%
July72022Thursday
0%
September82022Thursday
0%
July142022Thursday
0%
April162020Thursday
0%
February112021Thursday
0%
July212022Thursday
0%
April92020Thursday
0%
March252021Thursday
0%
July282022Thursday
0%
August42022Thursday
0%
December292022Thursday
0%
April22020Thursday
0%
March42021Thursday
0%
September12022Thursday
0%
August112022Thursday
0%
February182021Thursday
0%
August182022Thursday
0%
March262020Thursday
0%
March192020Thursday
0%
August252022Thursday
0%
June232022Thursday
0%
February42021Thursday
0%
June182020Thursday
0%
May122022Thursday
0%
September292022Thursday
0%
April142022Thursday
0%
April222021Thursday
0%
April212022Thursday
0%
June112020Thursday
0%
January212021Thursday
0%
April282022Thursday
0%
December242020Thursday
0%
June42020Thursday
0%
May52022Thursday
0%
March52020Thursday
0%
September222022Thursday
0%
May282020Thursday
0%
June162022Thursday
0%
May192022Thursday
0%
April82021Thursday
0%
December222022Thursday
0%
May212020Thursday
0%
May262022Thursday
0%
January282021Thursday
0%
April12021Thursday
0%
June22022Thursday
0%
January92020Thursday
0%
September152022Thursday
0%
June92022Thursday
0%
May72020Thursday
0%
June32021Thursday
0%
November252021Thursday
0%
December82022Thursday
0%
September242020Thursday
0%
October82020Thursday
0%
October142021Thursday
0%
December32020Thursday
0%
October212021Thursday
0%
July82021Thursday
0%
December12022Thursday
0%
October282021Thursday
0%
January22020Thursday
0%
July12021Thursday
0%
November102022Thursday
0%
November42021Thursday
0%
November32022Thursday
0%
November112021Thursday
0%
September172020Thursday
0%
November182021Thursday
0%
December102020Thursday
0%
June242021Thursday
0%
September102020Thursday
0%
December22021Thursday
0%
October72021Thursday
0%
July152021Thursday
0%
February132020Thursday
0%
September22021Thursday
0%
August122021Thursday
0%
November122020Thursday
0%
August192021Thursday
0%
November242022Thursday
0%
August52021Thursday
0%
August262021Thursday
0%
November52020Thursday
0%
January302020Thursday
0%
November192020Thursday
0%
July292021Thursday
0%
September302021Thursday
0%
November172022Thursday
0%
September92021Thursday
0%
September162021Thursday
0%
October222020Thursday
0%
November262020Thursday
0%
July222021Thursday
0%
January232020Thursday
0%
September232021Thursday
0%
October152020Thursday
0%
September32020Thursday
0%
February62020Thursday
0%
June172021Thursday
0%
October272022Thursday
0%
August272020Thursday
0%
June102021Thursday
0%
December302021Thursday
0%
December172020Thursday
0%
August202020Thursday
0%
December92021Thursday
0%
December232021Thursday
0%
December162021Thursday
0%
June282022Tuesday
0%
April282020Tuesday
0%
January182022Tuesday
0%
November152022Tuesday
0%
March232021Tuesday
0%
October182022Tuesday
0%
September142021Tuesday
0%
June212022Tuesday
0%
October202020Tuesday
0%
September212021Tuesday
0%
May52020Tuesday
0%
August42020Tuesday
0%
September132022Tuesday
0%
January72020Tuesday
0%
June142022Tuesday
0%
May312022Tuesday
0%
October252022Tuesday
0%
August102021Tuesday
0%
April62021Tuesday
0%
May252021Tuesday
0%
October52021Tuesday
0%
May192020Tuesday
0%
January252022Tuesday
0%
December12020Tuesday
0%
October132020Tuesday
0%
November242020Tuesday
0%
August252020Tuesday
0%
March102020Tuesday
0%
March302021Tuesday
0%
February22021Tuesday
0%
June72022Tuesday
0%
February42020Tuesday
0%
September282021Tuesday
0%
December212021Tuesday
0%
July202021Tuesday
0%
February92021Tuesday
0%
December292020Tuesday
0%
October272020Tuesday
0%
August172021Tuesday
0%
August242021Tuesday
0%
December222020Tuesday
0%
December282021Tuesday
0%
November102020Tuesday
0%
August92022Tuesday
0%
March312020Tuesday
0%
March22021Tuesday
0%
August162022Tuesday
0%
August22022Tuesday
0%
August302022Tuesday
0%
January282020Tuesday
0%
November172020Tuesday
0%
February182020Tuesday
0%
January42022Tuesday
0%
March242020Tuesday
0%
August232022Tuesday
0%
February232021Tuesday
0%
August32021Tuesday
0%
February162021Tuesday
0%
July52022Tuesday
0%
July192022Tuesday
0%
September72021Tuesday
0%
April212020Tuesday
0%
March162021Tuesday
0%
December272022Tuesday
0%
July122022Tuesday
0%
July272021Tuesday
0%
September62022Tuesday
0%
April142020Tuesday
0%
June82021Tuesday
0%
June12021Tuesday
0%
August312021Tuesday
0%
November32020Tuesday
0%
March92021Tuesday
0%
July262022Tuesday
0%
January112022Tuesday
0%
August112020Tuesday
0%
March172020Tuesday
0%
April72020Tuesday
0%
November292022Tuesday
0%
May242022Tuesday
0%
July132021Tuesday
0%
January122021Tuesday
0%
September152020Tuesday
0%
October42022Tuesday
0%
May42021Tuesday
0%
June302020Tuesday
0%
March222022Tuesday
0%
November12022Tuesday
0%
December72021Tuesday
0%
January142020Tuesday
0%
March152022Tuesday
0%
March292022Tuesday
0%
January212020Tuesday
0%
June292021Tuesday
0%
February82022Tuesday
0%
June232020Tuesday
0%
April52022Tuesday
0%
April272021Tuesday
0%
November162021Tuesday
0%
February112020Tuesday
0%
January192021Tuesday
0%
March12022Tuesday
0%
January52021Tuesday
0%
February152022Tuesday
0%
February222022Tuesday
0%
December132022Tuesday
0%
November302021Tuesday
0%
July142020Tuesday
0%
May112021Tuesday
0%
February252020Tuesday
0%
September12020Tuesday
0%
December152020Tuesday
0%
September82020Tuesday
0%
June222021Tuesday
0%
November232021Tuesday
0%
March82022Tuesday
0%
July212020Tuesday
0%
May182021Tuesday
0%
July72020Tuesday
0%
November22021Tuesday
0%
September222020Tuesday
0%
December62022Tuesday
0%
December142021Tuesday
0%
February12022Tuesday
0%
June92020Tuesday
0%
April122022Tuesday
0%
August182020Tuesday
0%
December202022Tuesday
0%
October192021Tuesday
0%
May32022Tuesday
0%
June22020Tuesday
0%
March32020Tuesday
0%
April132021Tuesday
0%
October62020Tuesday
0%
May102022Tuesday
0%
November82022Tuesday
0%
October122021Tuesday
0%
January262021Tuesday
0%
May262020Tuesday
0%
September202022Tuesday
0%
April262022Tuesday
0%
October112022Tuesday
0%
July62021Tuesday
0%
October262021Tuesday
0%
April202021Tuesday
0%
July282020Tuesday
0%
September292020Tuesday
0%
June152021Tuesday
0%
September272022Tuesday
0%
December82020Tuesday
0%
June162020Tuesday
0%
April192022Tuesday
0%
January292020Wednesday
0%
October262022Wednesday
0%
December142022Wednesday
0%
November92022Wednesday
0%
September282022Wednesday
0%
December212022Wednesday
0%
February122020Wednesday
0%
September212022Wednesday
0%
January152020Wednesday
0%
November232022Wednesday
0%
November162022Wednesday
0%
February52020Wednesday
0%
August312022Wednesday
0%
January222020Wednesday
0%
February262020Wednesday
0%
November302022Wednesday
0%
March112020Wednesday
0%
March42020Wednesday
0%
March182020Wednesday
0%
October122022Wednesday
0%
September72022Wednesday
0%
December72022Wednesday
0%
November22022Wednesday
0%
February192020Wednesday
0%
October192022Wednesday
0%
December282022Wednesday
0%
September142022Wednesday
0%
October52022Wednesday
0%
February242021Wednesday
0%
August242022Wednesday
0%
September82021Wednesday
0%
July212021Wednesday
0%
November252020Wednesday
0%
July282021Wednesday
0%
August42021Wednesday
0%
November182020Wednesday
0%
August112021Wednesday
0%
November112020Wednesday
0%
August182021Wednesday
0%
August252021Wednesday
0%
November42020Wednesday
0%
September12021Wednesday
0%
October282020Wednesday
0%
September152021Wednesday
0%
December22020Wednesday
0%
October212020Wednesday
0%
September222021Wednesday
0%
September292021Wednesday
0%
October142020Wednesday
0%
October62021Wednesday
0%
October72020Wednesday
0%
October132021Wednesday
0%
October202021Wednesday
0%
September302020Wednesday
0%
October272021Wednesday
0%
November32021Wednesday
0%
September232020Wednesday
0%
November102021Wednesday
0%
July142021Wednesday
0%
July72021Wednesday
0%
November172021Wednesday
0%
April282021Wednesday
0%
March32021Wednesday
0%
February172021Wednesday
0%
March102021Wednesday
0%
February102021Wednesday
0%
March172021Wednesday
0%
March242021Wednesday
0%
February32021Wednesday
0%
March312021Wednesday
0%
April72021Wednesday
0%
January272021Wednesday
0%
April142021Wednesday
0%
January202021Wednesday
0%
April212021Wednesday
0%
January132021Wednesday
0%
June302021Wednesday
0%
May52021Wednesday
0%
May122021Wednesday
0%
January62021Wednesday
0%
May192021Wednesday
0%
December302020Wednesday
0%
May262021Wednesday
0%
June22021Wednesday
0%
December232020Wednesday
0%
June92021Wednesday
0%
June162021Wednesday
0%
December162020Wednesday
0%
June232021Wednesday
0%
December92020Wednesday
0%
September162020Wednesday
0%
September92020Wednesday
0%
March252020Wednesday
0%
June152022Wednesday
0%
June102020Wednesday
0%
April272022Wednesday
0%
May42022Wednesday
0%
June32020Wednesday
0%
May112022Wednesday
0%
May272020Wednesday
0%
May182022Wednesday
0%
May252022Wednesday
0%
May202020Wednesday
0%
June12022Wednesday
0%
May132020Wednesday
0%
June82022Wednesday
0%
May62020Wednesday
0%
June222022Wednesday
0%
June172020Wednesday
0%
April292020Wednesday
0%
June292022Wednesday
0%
July62022Wednesday
0%
April222020Wednesday
0%
July132022Wednesday
0%
April152020Wednesday
0%
July202022Wednesday
0%
July272022Wednesday
0%
April82020Wednesday
0%
August32022Wednesday
0%
April12020Wednesday
0%
August102022Wednesday
0%
August172022Wednesday
0%
April202022Wednesday
0%
April132022Wednesday
0%
December12021Wednesday
0%
July292020Wednesday
0%
September22020Wednesday
0%
December82021Wednesday
0%
December152021Wednesday
0%
August262020Wednesday
0%
December222021Wednesday
0%
August192020Wednesday
0%
December292021Wednesday
0%
January52022Wednesday
0%
August122020Wednesday
0%
January122022Wednesday
0%
January192022Wednesday
0%
August52020Wednesday
0%
January262022Wednesday
0%
February22022Wednesday
0%
April62022Wednesday
0%
February92022Wednesday
0%
July222020Wednesday
0%
February162022Wednesday
0%
February232022Wednesday
0%
July152020Wednesday
0%
March22022Wednesday
0%
July82020Wednesday
0%
March92022Wednesday
0%
March162022Wednesday
0%
July12020Wednesday
0%
March232022Wednesday
0%
March302022Wednesday
0%
June242020Wednesday
0%
January12020Wednesday
0%

Score Distribution

Percentile by Number Answered

Percent of People with Each Score

Your Score History

You have not taken this quiz